Untersuchungen über die Religion der Sklaven in Griechenland und Rom
| Main Author: | |
|---|---|
| Format: | Print Book |
| Language: | German |
| Subito Delivery Service: | Order now. |
| Check availability: | HBZ Gateway |
| WorldCat: | WorldCat |
| Interlibrary Loan: | Interlibrary Loan for the Fachinformationsdienste (Specialized Information Services in Germany) |
| Published: |
Wiesbaden
Steiner
1958-
Mainz Verl. der Akad. der Wiss. und der Literatur 1958- |
| In: | Year: 1958 |
| Volumes / Articles: | Show volumes/articles. |
| Series/Journal: | Abhandlungen der Geistes- und Sozialwissenschaftlichen Klasse / Akademie der Wissenschaften und der Literatur
... |
| Standardized Subjects / Keyword chains: | B
Religion
/ Slave
/ Roman Empire
B Religion / Slave / Greece (Antiquity) B Slavery / Greece (Antiquity) / Religion B Slavery / Roman Empire / Religion |
| Further subjects: | B
Slavery
B Greece Antiquity B Slave B Religion B Roman Empire |
MARC
| LEADER | 00000cam a2200000 ca4500 | ||
|---|---|---|---|
| 001 | 1070151556 | ||
| 003 | DE-627 | ||
| 005 | 20251224214513.0 | ||
| 007 | tu | ||
| 008 | 850101m19589999xx ||||| 00| ||ger c | ||
| 035 | |a (DE-627)1070151556 | ||
| 035 | |a (DE-603)058875743 | ||
| 035 | |a (DE-576)000151556 | ||
| 035 | |a (DE-599)BSZ000151556 | ||
| 035 | |a (OCoLC)185531788 | ||
| 035 | |a (DE-604)8010141863 | ||
| 040 | |a DE-627 |b ger |c DE-627 |e rakwb | ||
| 041 | |a ger | ||
| 082 | 0 | |a 306.362093 |q LoC |2 DDC19oclc | |
| 082 | 0 | |a 291.0880625 |q LoC |2 DDC19oclc | |
| 084 | |a 1 |2 ssgn | ||
| 084 | |a NH 5250 |2 rvk |0 (DE-625)rvk/125678: | ||
| 084 | |a FB 4030 |2 rvk |0 (DE-625)rvk/29948: | ||
| 084 | |a NW 8295 |2 rvk |0 (DE-625)rvk/132313: | ||
| 084 | |a NH 8500 |2 rvk |0 (DE-625)rvk/125813: | ||
| 084 | |a AX 16000 |2 rvk |0 (DE-625)rvk/9110: | ||
| 084 | |a 15.28 |2 bkl | ||
| 100 | 1 | |0 (DE-588)117757667 |0 (DE-627)079173322 |0 (DE-576)160345359 |4 aut |a Bömer, Franz |d 1911-2004 | |
| 109 | |a Bömer, Franz 1911-2004 |a Bömer, Franziscus 1911-2004 | ||
| 245 | 1 | 0 | |a Untersuchungen über die Religion der Sklaven in Griechenland und Rom |c von Franz Bömer |
| 264 | 1 | |a Wiesbaden |b Steiner |c 1958- | |
| 264 | 1 | |a Mainz |b Verl. der Akad. der Wiss. und der Literatur |c 1958- | |
| 336 | |a Text |b txt |2 rdacontent | ||
| 337 | |a ohne Hilfsmittel zu benutzen |b n |2 rdamedia | ||
| 338 | |a Band |b nc |2 rdacarrier | ||
| 490 | 0 | |a Abhandlungen der Geistes- und Sozialwissenschaftlichen Klasse / Akademie der Wissenschaften und der Literatur |v ... | |
| 500 | |a Die 2. Aufl. erschien als "Forschungen zur antiken Sklaverei" ; Bd. 14 | ||
| 601 | |a Untersuchung | ||
| 650 | 0 | 7 | |0 (DE-588)4055252-4 |0 (DE-627)10615902X |0 (DE-576)209112875 |a Sklave |2 gnd |
| 650 | 0 | 7 | |0 (DE-588)4049396-9 |0 (DE-627)106187155 |0 (DE-576)209081880 |a Religion |2 gnd |
| 650 | 0 | 7 | |0 (DE-588)4055260-3 |0 (DE-627)106159003 |0 (DE-576)209112891 |a Sklaverei |2 gnd |
| 651 | 7 | |0 (DE-588)4093976-5 |0 (DE-627)10481408X |0 (DE-576)209303867 |a Griechenland |g Altertum |2 gnd | |
| 651 | 7 | |0 (DE-588)4076778-4 |0 (DE-627)106082094 |0 (DE-576)209202882 |a Römisches Reich |2 gnd | |
| 689 | 0 | 0 | |d s |0 (DE-588)4049396-9 |0 (DE-627)106187155 |0 (DE-576)209081880 |2 gnd |a Religion |
| 689 | 0 | 1 | |d s |0 (DE-588)4055252-4 |0 (DE-627)10615902X |0 (DE-576)209112875 |2 gnd |a Sklave |
| 689 | 0 | 2 | |d g |0 (DE-588)4076778-4 |0 (DE-627)106082094 |0 (DE-576)209202882 |2 gnd |a Römisches Reich |
| 689 | 0 | |5 (DE-627) | |
| 689 | 1 | 0 | |d s |0 (DE-588)4049396-9 |0 (DE-627)106187155 |0 (DE-576)209081880 |2 gnd |a Religion |
| 689 | 1 | 1 | |d s |0 (DE-588)4055252-4 |0 (DE-627)10615902X |0 (DE-576)209112875 |2 gnd |a Sklave |
| 689 | 1 | 2 | |d g |0 (DE-588)4093976-5 |0 (DE-627)10481408X |0 (DE-576)209303867 |2 gnd |a Griechenland |g Altertum |
| 689 | 1 | |5 (DE-627) | |
| 689 | 2 | 0 | |d s |0 (DE-588)4055260-3 |0 (DE-627)106159003 |0 (DE-576)209112891 |2 gnd |a Sklaverei |
| 689 | 2 | 1 | |d g |0 (DE-588)4093976-5 |0 (DE-627)10481408X |0 (DE-576)209303867 |2 gnd |a Griechenland |g Altertum |
| 689 | 2 | 2 | |d s |0 (DE-588)4049396-9 |0 (DE-627)106187155 |0 (DE-576)209081880 |2 gnd |a Religion |
| 689 | 2 | |5 (DE-627) | |
| 689 | 3 | 0 | |d s |0 (DE-588)4055260-3 |0 (DE-627)106159003 |0 (DE-576)209112891 |2 gnd |a Sklaverei |
| 689 | 3 | 1 | |d g |0 (DE-588)4076778-4 |0 (DE-627)106082094 |0 (DE-576)209202882 |2 gnd |a Römisches Reich |
| 689 | 3 | 2 | |d s |0 (DE-588)4049396-9 |0 (DE-627)106187155 |0 (DE-576)209081880 |2 gnd |a Religion |
| 689 | 3 | |5 (DE-627) | |
| 889 | |w (DE-603)058875743 | ||
| 935 | |a mteo | ||
| 936 | r | v | |a NH 5250 |b Religions-, Geistes- und Kulturgeschichte |k Geschichte |k Griechisch-römische Geschichte |k Darstellungen zur griechisch-römischen Geschichte |k Religions-, Geistes- und Kulturgeschichte |0 (DE-627)1270945351 |0 (DE-625)rvk/125678: |0 (DE-576)200945351 |
| 936 | r | v | |a FB 4030 |b griechisch und römisch |k Klassische Philologie. Byzantinistik. Mittellateinische und Neugriechische Philologie. Neulatein |k Altertumskunde |k Religion |k griechisch und römisch |0 (DE-627)127077039X |0 (DE-625)rvk/29948: |0 (DE-576)20077039X |
| 936 | r | v | |a NW 8295 |b Sklaverei |k Geschichte |k Wirtschafts- und Sozialgeschichte |k Spezielle Sozialgeschichte |k Einzelne Stände und Gesellschaftsgruppen |k Sklaverei |0 (DE-627)1271505509 |0 (DE-625)rvk/132313: |0 (DE-576)201505509 |
| 936 | r | v | |a NH 8500 |b Religions- (außer Christentum) und Geistesgeschichte |k Geschichte |k Griechisch-römische Geschichte |k Römische Geschichte |k Teilbereiche der römischen Geschichte |k Religions- (außer Christentum) und Geistesgeschichte |0 (DE-627)1270868888 |0 (DE-625)rvk/125813: |0 (DE-576)200868888 |
| 936 | r | v | |a AX 16000 |b Mainz |k Allgemeines |k Akademieserien, Periodika wissenschaftlicher Gesellschaften mit Akademiecharakter |k Deutschland |k Mainz |0 (DE-627)1270698613 |0 (DE-625)rvk/9110: |0 (DE-576)200698613 |
| 936 | b | k | |a 15.28 |j Römisches Reich |q coli-conc RVK->BK |q https://coli-conc.gbv.de/api/mappings/77b3c911-9246-4695-977a-b939ee41f58d |0 (DE-627)106405128 |
| 951 | |a MC | ||
| ELC | |b 1 | ||
| ITA | |a 1 |t 1 | ||
| LOK | |0 000 xxxxxcx a22 zn 4500 | ||
| LOK | |0 001 2001001576 | ||
| LOK | |0 003 DE-627 | ||
| LOK | |0 004 1070151556 | ||
| LOK | |0 005 20021029000000 | ||
| LOK | |0 008 901214||||||||||||||||ger||||||| | ||
| LOK | |0 040 |a DE-21 |c DE-627 |d DE-21 | ||
| LOK | |0 852 |a DE-21 | ||
| LOK | |0 852 1 |9 00 | ||
| LOK | |0 939 |a 14-12-90 |b l01 | ||
| LOK | |0 000 xxxxxcx a22 zn 4500 | ||
| LOK | |0 001 2001001584 | ||
| LOK | |0 003 DE-627 | ||
| LOK | |0 004 1070151556 | ||
| LOK | |0 005 20051125000000 | ||
| LOK | |0 008 910110||||||||||||||||ger||||||| | ||
| LOK | |0 040 |a DE-21-31 |c DE-627 |d DE-21-31 | ||
| LOK | |0 852 |a DE-21-31 | ||
| LOK | |0 852 1 |c Cn V 70 |m p |9 00 | ||
| LOK | |0 938 |k p | ||
| LOK | |0 939 |a 10-01-91 |b l01 | ||
| LOK | |0 000 xxxxxcx a22 zn 4500 | ||
| LOK | |0 001 2001001592 | ||
| LOK | |0 003 DE-627 | ||
| LOK | |0 004 1070151556 | ||
| LOK | |0 005 20050210000000 | ||
| LOK | |0 008 860318||||||||||||||||ger||||||| | ||
| LOK | |0 035 |a (DE-21-108)80g150129 | ||
| LOK | |0 040 |a DE-21-108 |c DE-627 |d DE-21-108 | ||
| LOK | |0 092 |o l | ||
| LOK | |0 541 |e vs 2886 | ||
| LOK | |0 852 |a DE-21-108 | ||
| LOK | |0 852 1 |c QP 295.045 |m p |9 00 | ||
| LOK | |0 866 |a Vorh.: T. 1 | ||
| LOK | |0 866 |x 1 | ||
| LOK | |0 935 |a kneu |a band | ||
| LOK | |0 936ln |0 1288779798 |a QP 295 | ||
| LOK | |0 938 |k p | ||
| LOK | |0 939 |a 18-03-86 |b l01 | ||
| LOK | |0 000 xxxxxcx a22 zn 4500 | ||
| LOK | |0 001 2555800891 | ||
| LOK | |0 003 DE-627 | ||
| LOK | |0 004 1070151556 | ||
| LOK | |0 005 20071114105138 | ||
| LOK | |0 008 071114||||||||||||||||ger||||||| | ||
| LOK | |0 040 |a DE-21-32a |c DE-627 |d DE-21-32a | ||
| LOK | |0 852 |a DE-21-32a | ||
| LOK | |0 852 1 |m p |9 00 | ||
| LOK | |0 935 |a k32a |a i32a |a kneu | ||
| LOK | |0 938 |k p | ||
| LOK | |0 939 |a 14-11-07 |b l01 | ||
| LOK | |0 000 xxxxxcx a22 zn 4500 | ||
| LOK | |0 001 2703092849 | ||
| LOK | |0 003 DE-627 | ||
| LOK | |0 004 1070151556 | ||
| LOK | |0 005 20120206160456 | ||
| LOK | |0 008 120206||||||||||||||||ger||||||| | ||
| LOK | |0 040 |a DE-21-45 |c DE-627 |d DE-21-45 | ||
| LOK | |0 852 |a DE-21-45 | ||
| LOK | |0 852 1 |m p |9 00 | ||
| LOK | |0 935 |a k045 |a i045 | ||
| LOK | |0 938 |k p | ||
| LOK | |0 939 |a 06-02-12 |b l01 | ||
| ORI | |a SA-MARC-ixtheoa001.raw | ||
| REF | |a Ägyptische Religion,Griechische Religion | ||
| REL | |a 1 | ||
| SPR | |a 1 |t IXT |t REL | ||
| STA | 0 | 0 | |a Religion,Religion in literature,Religions,Religion,Roman Empire,Roman Empire,Slave,Slave,Slavery,Slavery |
| STB | 0 | 0 | |a Esclavage,Esclavage,Esclave,Esclave,Religion,Religions,Religion |
| STC | 0 | 0 | |a Esclavitud,Esclavitud,Esclavo,Esclavo,Religión,Religión,Religión |
| STD | 0 | 0 | |a Religione,Religione,Religione,Schiavitù,Schiavitù,Schiavo,Schiavo |
| STE | 0 | 0 | |a 奴隶,奴隶制度,奴隶制度,宗教,宗教 |
| STF | 0 | 0 | |a 奴隸,奴隸制度,奴隸制度,宗教,宗教 |
| STG | 0 | 0 | |a Escravidão,Escravidão,Escravo,Escravo,Religião,Religião |
| STH | 0 | 0 | |a Раб (мотив),Раб,Рабство (мотив),Рабство,Религия,Религия (мотив) |
| STI | 0 | 0 | |a Δουλεία (μοτίβο),Δουλεία,Θρησκεία,Θρησκεία (μοτίβο),Σκλάβος (μοτίβο),Σκλάβος |
| SUB | |a REL | ||
| SYE | 0 | 0 | |a Religion,Mystik,Mythologie |
| SYF | 0 | 0 | |a Elliniki Dimokratia,Basileion tēs Hellados,Yunanistan,République Hellénique,Ellada,Greece,Vasilion tis Ellados,Hellenic Republic,Grèce,Royaume de Grèce,Elli̲niki̲ Di̲mokratia,Hellēnikē Demokratia,Elli̱niki̱ Di̱mokratia,Vasileion ti̲s Ellados,Hellas,Ellas,Ellēnikē Dēmokratia,Hellēnikē Dēmokratia,Hellenische Republik,Griechenland , Römer , Römisches Reich,Römisches Reich,Nord,Römisches Reich,Römisches Reich,West,Römisches Reich,Römisches Reich,Ost,Römisches Reich,Imperium Romanum,Reich Rom,Italien,Römisches Reich |
| SYG | 0 | 0 | |a Religion,Mystik,Mythologie , Römer , Römisches Reich,Römisches Reich,Nord,Römisches Reich,Römisches Reich,West,Römisches Reich,Römisches Reich,Ost,Römisches Reich,Imperium Romanum,Reich Rom,Italien,Römisches Reich , Religion,Mystik,Mythologie , Elliniki Dimokratia,Basileion tēs Hellados,Yunanistan,République Hellénique,Ellada,Greece,Vasilion tis Ellados,Hellenic Republic,Grèce,Royaume de Grèce,Elli̲niki̲ Di̲mokratia,Hellēnikē Demokratia,Elli̱niki̱ Di̱mokratia,Vasileion ti̲s Ellados,Hellas,Ellas,Ellēnikē Dēmokratia,Hellēnikē Dēmokratia,Hellenische Republik,Griechenland , Elliniki Dimokratia,Basileion tēs Hellados,Yunanistan,République Hellénique,Ellada,Greece,Vasilion tis Ellados,Hellenic Republic,Grèce,Royaume de Grèce,Elli̲niki̲ Di̲mokratia,Hellēnikē Demokratia,Elli̱niki̱ Di̱mokratia,Vasileion ti̲s Ellados,Hellas,Ellas,Ellēnikē Dēmokratia,Hellēnikē Dēmokratia,Hellenische Republik,Griechenland , Religion,Mystik,Mythologie , Römer , Römisches Reich,Römisches Reich,Nord,Römisches Reich,Römisches Reich,West,Römisches Reich,Römisches Reich,Ost,Römisches Reich,Imperium Romanum,Reich Rom,Italien,Römisches Reich , Religion,Mystik,Mythologie |
| TIM | |a 099992470101_100005001231 |b v753 - 500 | ||



